[Event "GFBI"]
[Site "SchemingMind.com"]
[Date "2022.06.04"]
[Round "-"]
[White "Kenny Elliott"]
[Black "Derek Price"]
[Result "0-1"]
[WhiteCountry "USA"]
[BlackCountry "ENG"]
[WhiteElo "1558"]
[WhiteRD "70"]
[BlackElo "2352"]
[BlackRD "69"]
[GameID "723982"]

1. d4 d5 2. c4 c6 3. Nc3 Nf6 4. cxd5 cxd5 5. Nf3 Nc6 6. Bf4 Bf5 7. Qb3 Na5 8. Qb5+ Bd7 9. Qd3 e6 10. e3 Rc8
11. b3 Bb4 12. Rc1 Ne4 13. Be2 Bxc3+ 14. Rxc3 Nxc3 15. O-O Qb6 16. Ne5 Bb5 17. Qd2 Nxe2+ 18. Kh1 Nxf4 19. Rc1 Rxc1+ 20. Qxc1 Ng6
21. Nxg6 hxg6 22. Qc8+ Qd8 23. Qc5 Bd3 24. Qxa7 Qc7 25. Qa8+ Ke7
0-1

[Event "GFBI"]
[Site "SchemingMind.com"]
[Date "2022.06.04"]
[Round "-"]
[White "Derek Price"]
[Black "Kenny Elliott"]
[Result "1-0"]
[WhiteCountry "ENG"]
[BlackCountry "USA"]
[WhiteElo "2352"]
[WhiteRD "69"]
[BlackElo "1558"]
[BlackRD "70"]
[GameID "723983"]

1. c4 c5 2. Nf3 Nf6 3. Nc3 Nc6 4. g3 d5 5. cxd5 Nxd5 6. Bg2 Nxc3 7. bxc3 e5 8. O-O Bd6 9. d4 O-O 10. Be3 cxd4
11. cxd4 e4 12. Ng5 f5 13. Qb3+ Kh8 14. Nf7+ Rxf7 15. Qxf7 b6 16. Rfc1 Ne7 17. Bg5 Qg8 18. Qxg8+ Kxg8 19. Bxe7 Bxe7 20. e3 Be6
21. Bf1 Rb8 22. Bc4 Bxc4 23. Rxc4 Bf6 24. Rac1 Rf8 25. Rc8 a5 26. Rxf8+ Kxf8 27. Rc7 Bd8 28. Rd7 Ke8 29. Rxg7 h5 30. Rh7
1-0

[Event "GFBI"]
[Site "SchemingMind.com"]
[Date "2022.06.04"]
[Round "-"]
[White "Kenny Elliott"]
[Black "The Stonewall"]
[Result "0-1"]
[WhiteCountry "USA"]
[BlackCountry "ENG"]
[WhiteElo "1532"]
[WhiteRD "70"]
[BlackElo "2297"]
[BlackRD "77"]
[GameID "723984"]

1. d4 Nf6 2. c4 g6 3. Nc3 Bg7 4. Nf3 O-O 5. e4 d6 6. Be2 Nbd7 7. Bf4 e5 8. dxe5 dxe5 9. Bg5 c6 10. O-O Qc7
11. Bxf6 Bxf6 12. b4 Rd8 13. Qc1 Nf8 14. a4 Ne6 15. g4 Nf4 16. Qe3 Bxg4 17. c5 Qe7 18. Rfe1 Bg5 19. Nxg5 Bxe2 20. Nxe2 Rd3
21. Qc1 Qxg5+ 22. Ng3 Qg4 23. Re3 Rad8 24. Qf1 Rxe3 25. fxe3 Nh3+ 26. Kh1 Rd2 27. Qg2 Rxg2 28. Kxg2 h5 29. Rd1 Qxd1
0-1

[Event "GFBI"]
[Site "SchemingMind.com"]
[Date "2022.06.04"]
[Round "-"]
[White "The Stonewall"]
[Black "Kenny Elliott"]
[Result "1-0"]
[WhiteCountry "ENG"]
[BlackCountry "USA"]
[WhiteElo "2297"]
[WhiteRD "77"]
[BlackElo "1532"]
[BlackRD "70"]
[GameID "723985"]

1. e4 c5 2. Nc3 d6 3. d4 cxd4 4. Qxd4 e5 5. Qd2 Nf6 6. b3 Nc6 7. Bb2 Bd7 8. Nf3 Be7 9. Be2 O-O 10. h3 a6
11. a4 a5 12. O-O Nb4 13. Rad1 Rc8 14. Ba3 Qb6 15. Bc4 h6 16. Rfe1 Rfd8 17. Qe2 Bc6 18. Nh4 Nh7 19. Nf5 Bg5 20. Rxd6 Rxd6
21. Nxd6 Rc7 22. Rd1 Nf6 23. Ncb5 Bxb5 24. axb5 Rd7 25. Nxf7 Rxf7 26. c3 Nbd5 27. exd5 Kh8 28. d6 Rd7 29. Qxe5 Nh5 30. Qe8+ Kh7
31. Bg8+
1-0

[Event "GFBI"]
[Site "SchemingMind.com"]
[Date "2022.06.04"]
[Round "-"]
[White "Kenny Elliott"]
[Black "Phillip Beckett"]
[Result "1-0"]
[WhiteCountry "USA"]
[BlackCountry "ENG"]
[WhiteElo "1558"]
[WhiteRD "70"]
[BlackElo "1500"]
[BlackRD "55"]
[GameID "723986"]

1. d4 d5 2. c4 e6 3. Nf3 Nf6 4. Bg5 Be7 5. e3 h6 6. Bh4 O-O 7. c5 c6 8. Bd3 Nbd7 9. Nc3 Ne8 10. Bxe7 Qxe7
11. O-O e5 12. Bc2 e4 13. Nd2 f5 14. f3 Nef6 15. fxe4 fxe4 16. b4 a6 17. a4 Rf7 18. b5 axb5 19. axb5 Rxa1 20. Qxa1 Nf8
21. Qa8 Bg4 22. bxc6 bxc6 23. Qxc6 Qd7 24. Qb6 Qb7 25. Qxb7 Rxb7 26. c6 Rc7 27. Ba4 Ra7 28. Rb1 Ne8 29. Rb7 Ra8 30. c7 Nxc7
31. Rxc7 Rb8 32. Nxd5 Ne6 33. Bd7 Nxd4 34. exd4 e3 35. Nxe3 Bxd7 36. Rxd7 Rb2 37. Nf3
1-0

[Event "GFBI"]
[Site "SchemingMind.com"]
[Date "2022.06.04"]
[Round "-"]
[White "Phillip Beckett"]
[Black "Kenny Elliott"]
[Result "0-1"]
[WhiteCountry "ENG"]
[BlackCountry "USA"]
[WhiteElo "1500"]
[WhiteRD "55"]
[BlackElo "1558"]
[BlackRD "70"]
[GameID "723987"]

1. d4 d5 2. e3 Nf6 3. Bd3 Nc6 4. f4 Bg4 5. Nf3 e6 6. O-O Ne4 7. Nbd2 Bxf3 8. Qxf3 Nxd2 9. Bxd2 Be7 10. c3 O-O
11. e4 a6 12. e5 Qc8 13. f5 Qe8 14. fxe6 fxe6 15. Qe2 Qd7 16. Qh5 g6 17. Bxg6 hxg6 18. Qxg6+ Kh8 19. Rf7 Rxf7 20. Qh6+ Rh7
21. Qf4 Rg8
0-1

[Event "GFBI"]
[Site "SchemingMind.com"]
[Date "2022.06.04"]
[Round "-"]
[White "Kenny Elliott"]
[Black "Transcendent"]
[Result "0-1"]
[WhiteCountry "USA"]
[BlackCountry "ENG"]
[WhiteElo "1572"]
[WhiteRD "70"]
[BlackElo "2129"]
[BlackRD "74"]
[GameID "723988"]

1. d4 d5 2. c4 c6 3. Nc3 Nf6 4. Nf3 dxc4 5. e4 b5 6. Be2 e6 7. a3 Be7 8. O-O a6 9. Bf4 Bb7 10. b3 O-O
11. bxc4 Nh5 12. Bxb8 Qxb8 13. Ne5 Nf6 14. cxb5 cxb5 15. Bf3 Rd8 16. Ne2 Nxe4 17. Qd3 Qxe5 18. dxe5 Rxd3 19. Nf4 Rxa3 20. Rxa3 Bxa3
21. Re1 Rc8 22. Bxe4 Bxe4 23. h3 Bb7 24. Kh2 b4 25. Rd1 b3 26. Ne2 b2 27. Nd4 Rc1
0-1

[Event "GFBI"]
[Site "SchemingMind.com"]
[Date "2022.06.05"]
[Round "-"]
[White "Transcendent"]
[Black "Kenny Elliott"]
[Result "1-0"]
[WhiteCountry "ENG"]
[BlackCountry "USA"]
[WhiteElo "1997"]
[WhiteRD "86"]
[BlackElo "1523"]
[BlackRD "70"]
[GameID "723989"]

1. d4 d5 2. c4 e6 3. Nf3 Nc6 4. Nc3 Bb4 5. e3 Nf6 6. Qc2 Ne4 7. Bd3 Nxc3 8. bxc3 dxc4 9. Bxc4 Bd6 10. e4 O-O
11. e5 Be7 12. O-O h6 13. Qe4 Qd7 14. Bd3 b6 15. Qh7#
1-0

[Event "GFBI"]
[Site "SchemingMind.com"]
[Date "2022.06.04"]
[Round "-"]
[White "Kenny Elliott"]
[Black "JAHI"]
[Result "0-1"]
[WhiteCountry "USA"]
[BlackCountry "INT"]
[WhiteElo "1558"]
[WhiteRD "70"]
[BlackElo "2127"]
[BlackRD "66"]
[GameID "723990"]

1. d4 e6 2. e4 g6 3. Nf3 Bg7 4. Nc3 Kf8 5. Bf4 d6 6. Bc4 h6 7. e5 d5 8. Bd3 Ne7 9. O-O b6 10. a4 Bb7
11. b4 a6 12. Rb1 Nd7 13. Qe2 g5 14. Bxg5 hxg5 15. Nxg5 Nf5 16. Bxf5 Qxg5 17. Bh3 Rxh3 18. g3 Ke7 19. f4 Qh6 20. Rf2 Rh8
21. Rbf1 Rxg3+ 22. Rg2 Qxh2+ 23. Kf2 Rxg2+
0-1

[Event "GFBI"]
[Site "SchemingMind.com"]
[Date "2022.06.04"]
[Round "-"]
[White "JAHI"]
[Black "Kenny Elliott"]
[Result "1-0"]
[WhiteCountry "INT"]
[BlackCountry "USA"]
[WhiteElo "2145"]
[WhiteRD "68"]
[BlackElo "1532"]
[BlackRD "70"]
[GameID "723991"]

1. b3 e5 2. Bb2 Nc6 3. g3 d5 4. Bg2 Nf6 5. Kf1 Bc5 6. e3 Bd7 7. d3 d4 8. e4 O-O 9. h3 Rb8 10. Ne2 b5
11. a3 a5 12. Rh2 Qc8 13. Kg1 Be6 14. Kh1 Nd8 15. f3 Bd7 16. f4 Re8 17. Nd2 Ne6 18. fxe5 Nxe4 19. Nxe4 c6 20. Nxc5 Nxc5
21. Nxd4 Ne6 22. Nf5 Nc5 23. Nxg7 Re7 24. Nh5 Kf8 25. Nf6 Bf5 26. Qh5 Bg6 27. Qh6#
1-0

[Event "GFBI"]
[Site "SchemingMind.com"]
[Date "2022.06.04"]
[Round "-"]
[White "Kenny Elliott"]
[Black "Allan Sedstrem"]
[Result "1-0"]
[WhiteCountry "USA"]
[BlackCountry "SCO"]
[WhiteElo "1556"]
[WhiteRD "71"]
[BlackElo "1423"]
[BlackRD "68"]
[GameID "723992"]

1. d4 d5 2. Nf3 c5 3. Nc3 cxd4 4. Qxd4 e6 5. Bf4 Nc6 6. Qd2 Nf6 7. Nb5 a6 8. Nc3 Bc5 9. e3 O-O 10. Bd3 Bd6
11. Bg5 Be7 12. O-O e5 13. Bxf6 Bxf6 14. Be2 e4 15. Nd4 Nxd4 16. exd4 Bg5 17. Qe1 Be6 18. f4 Bf6 19. Qd2 Qb6 20. f5 Bxd4+
21. Kh1 Bxc3 22. bxc3 Bd7 23. Qxd5 Bc6 24. Qd6 e3 25. Qg3 Rfe8 26. f6 g6 27. Qh4 Bb5 28. Qh6 Qxf6 29. Rxf6 Bxe2 30. Re1 Bc4
31. Rxe3 Rxe3 32. Qxe3 Rd8 33. h3 Bxa2 34. Qe7 Rd2 35. Qxb7 Rxc2 36. Rxa6 Be6 37. Qb8+ Kg7 38. Qe5+ Kh6 39. Ra8 Rc1+ 40. Kh2 Rf1
41. Rg8 Rf5 42. Qg7+ Kg5 43. Qxh7 Rf4 44. Rh8 Kf6 45. h4 Bd5 46. Rd8 Be4 47. Rd7 Ke6 48. Rd4 Rg4 49. Rxe4+ Rxe4 50. Qh6 Re5
51. Qc1 Rh5 52. g3 g5 53. Kh3 f5 54. Qe1+ Kf6 55. Qe2 g4+ 56. Kh2 Rh7 57. Qa6+ Kg7 58. Qb7+ Kg6 59. Qc6+ Kg7 60. Qd7+ Kg6
61. Qe6+ Kg7 62. Qxf5
1-0

[Event "GFBI"]
[Site "SchemingMind.com"]
[Date "2022.06.04"]
[Round "-"]
[White "Allan Sedstrem"]
[Black "Kenny Elliott"]
[Result "1-0"]
[WhiteCountry "SCO"]
[BlackCountry "USA"]
[WhiteElo "1452"]
[WhiteRD "64"]
[BlackElo "1532"]
[BlackRD "70"]
[GameID "723993"]

1. e4 e5 2. Nf3 Nc6 3. Nc3 Nf6 4. Bc4 h6 5. a3 Bc5 6. b4 Bd4 7. Nxd4 Nxd4 8. Ne2 Nxe2 9. Qxe2 O-O 10. Bb2 d6
11. Rd1 Bg4 12. f3 Bh5 13. g4 Bg6 14. d4 d5 15. dxe5 Nd7 16. Bxd5 Qh4+ 17. Qf2 Qxf2+ 18. Kxf2 c6 19. e6 cxd5 20. exd7 dxe4
21. f4 b5 22. f5 Bh7 23. Be5 Kh8 24. Bc7 Rfc8 25. dxc8=Q+ Rxc8 26. Rd8+ Rxd8 27. Bxd8 f6 28. Ke3
1-0

[Event "GFBI"]
[Site "SchemingMind.com"]
[Date "2022.06.08"]
[Round "-"]
[White "Kenny Elliott"]
[Black "Sadalmelik"]
[Result "1-0"]
[WhiteCountry "USA"]
[BlackCountry "ITA"]
[WhiteElo "1572"]
[WhiteRD "70"]
[BlackElo "1527"]
[BlackRD "113"]
[GameID "723994"]

1. d4 d6 2. e4 g6 3. Nf3 Bg7 4. Be3 Nd7 5. Bc4 e6 6. O-O Ne7 7. Nc3 O-O 8. Qd2 c6 9. Bf4 d5 10. exd5 cxd5
11. Bb3 Nf5 12. Qe2 Nxd4 13. Nxd4 Bxd4 14. Bh6 Re8 15. Qd3 Bf6 16. Nb5 Be7 17. Qd4 Bf6 18. Qf4 Be5 19. Qf3 a6 20. Nc3 b5
21. Ne2 Bxb2 22. Rab1 Bg7 23. Bxg7 Kxg7 24. Qc3+ Kg8 25. Qh3 Nc5 26. Nd4 Bb7 27. Nf3 Nxb3 28. cxb3 Rc8 29. Rbd1 b4 30. Rd4 a5
31. Rh4 h5 32. Qg3 Kf8 33. Ne5 Rc2 34. Qf4 f5 35. Nxg6+ Kf7 36. Ne5+ Kf8 37. Qh6+ Ke7 38. Rxh5 d4 39. Qg7+ Kd6 40. Nf7+ Kc6
41. Nxd8+ Rxd8 42. Qe5 Bc8 43. Qxa5 Rd5 44. Qa8+ Bb7 45. Qe8+ Kd6 46. Rh6 Re5 47. Qd8+ Kc6 48. Qxd4 Rce2 49. Qc4+ Kb6 50. Qxb4+ Kc6
51. Rh7 Ba6 52. Rc1+ Kd5 53. Rd7#
1-0

[Event "GFBI"]
[Site "SchemingMind.com"]
[Date "2022.06.04"]
[Round "-"]
[White "Sadalmelik"]
[Black "Kenny Elliott"]
[Result "1-0"]
[WhiteCountry "ITA"]
[BlackCountry "USA"]
[WhiteElo "1574"]
[WhiteRD "105"]
[BlackElo "1558"]
[BlackRD "69"]
[GameID "723995"]

1. Nf3 d5 2. g3 Nc6 3. Bg2 e5 4. d3 Bf5 5. O-O Nf6 6. Nbd2 Bc5 7. Re1 Ng4 8. e3 O-O 9. a3 Re8 10. h3 Nf6
11. b4 Bd6 12. Bb2 b5 13. e4 dxe4 14. Nxe4 Bxe4 15. dxe4 Ne7 16. Nd2 Ng6 17. c3 c5 18. bxc5 Bxc5 19. Nb3 Qb6 20. Re2 Rad8
21. Qc2 Re7 22. Nxc5 Qxc5 23. Rc1 Red7 24. Rce1 h6 25. Bc1 a5 26. Be3 Qxa3 27. Bf3 Rc8 28. Qb2 b4 29. cxb4 Qxb4 30. Qxb4 axb4
31. Rb1 Rb7 32. Reb2 Rcb8 33. Bc5 b3 34. h4 Nf8 35. Bd6 Rd8 36. Bxe5 N6d7 37. Bf4 Nc5 38. e5 Rb5 39. Be2 Ra5 40. Bc4 Rb8
41. e6 Nfxe6 42. Bxb8 Ra3 43. Bd6 Ra8 44. Bxe6 Nxe6 45. Rxb3 Kh7 46. Rb7 Kg6 47. Kg2 Ra5 48. Rc1 Rd5 49. Bf4 Nxf4+ 50. gxf4 Rf5
51. Kg3 Kh5 52. Re7 g5 53. hxg5 hxg5 54. fxg5 Rxg5+ 55. Kf3 f5 56. Rh1+ Kg6 57. Rh8 Kf6 58. Ra7 Rg7 59. Ra6+ Kg5 60. Rb8 Rg6
61. Rxg6+ Kxg6 62. Kf4
1-0

[Event "GFBI"]
[Site "SchemingMind.com"]
[Date "2022.06.04"]
[Round "-"]
[White "Kenny Elliott"]
[Black "Arnold Jones"]
[Result "1-0"]
[WhiteCountry "USA"]
[BlackCountry "ENG"]
[WhiteElo "1558"]
[WhiteRD "70"]
[BlackElo "1570"]
[BlackRD "62"]
[GameID "723996"]

1. d4 f5 2. c4 d6 3. Nf3 e6 4. Nc3 Be7 5. Bf4 Bd7 6. e3 Nf6 7. Bd3 Nh5 8. Ne2 Nxf4 9. Nxf4 g5 10. Nh5 Rg8
11. Qc2 g4 12. Nd2 e5 13. Bxf5 Bxf5 14. Qxf5 Rg6 15. Ng3 Nd7 16. O-O c6 17. dxe5 Qa5 18. Nb3 Qb4 19. exd6 Bxd6 20. c5 Be5
21. Rad1 O-O-O 22. Rd3 Bxb2 23. Rfd1 Rg7 24. Nh5 Re7 25. Nf4 Qc4 26. Qxg4 Qf7 27. Na5 Qxa2 28. Nxc6 bxc6 29. Qf3 Ne5 30. Rxd8+ Kb7
31. Qh3 Ka6 32. Qc8+ Kb5 33. Qb8+ Kxc5 34. Qd6+ Kc4 35. Qxe7 Kb5 36. Rb8+ Ka6 37. Qb7+
1-0

[Event "GFBI"]
[Site "SchemingMind.com"]
[Date "2022.06.04"]
[Round "-"]
[White "Arnold Jones"]
[Black "Kenny Elliott"]
[Result "0-1"]
[WhiteCountry "ENG"]
[BlackCountry "USA"]
[WhiteElo "1570"]
[WhiteRD "62"]
[BlackElo "1558"]
[BlackRD "70"]
[GameID "723997"]

1. d4 d5 2. Nf3 Nf6 3. Bf4 Nc6 4. Nc3 a6 5. e3 Bg4 6. Bd3 e6 7. O-O Bd6 8. Bxd6 Qxd6 9. a3 O-O 10. b3 e5
11. Be2 e4 12. Nd2 Bxe2 13. Qxe2 Rab8 14. f3 b5 15. fxe4 Rfe8 16. Qf3 dxe4 17. Ncxe4 Nxe4 18. Qxf7+ Kh8 19. Nxe4 Rxe4 20. Rf2 Rxe3
21. Raf1 h6 22. d5 Ne5 23. Qe6 Rb6 24. Rf8+ Kh7 25. Qe8 Ng6 26. Rh8+ Nxh8 27. Qxe3 Qxd5 28. Rf2 Qd1+ 29. Rf1 Qxc2 30. Rc1 Qg6
31. Rxc7 Re6 32. Qc1 Qd3 33. h3 Re2 34. Qxh6+ Kxh6
0-1

[Event "GFBI"]
[Site "SchemingMind.com"]
[Date "2022.06.04"]
[Round "-"]
[White "Kenny Elliott"]
[Black "WarriorAngel"]
[Result "0-1"]
[WhiteCountry "USA"]
[BlackCountry "SGP"]
[WhiteElo "1572"]
[WhiteRD "70"]
[BlackElo "1866"]
[BlackRD "91"]
[GameID "723998"]

1. d4 Nf6 2. c4 e6 3. Nf3 b6 4. Bg5 Be7 5. Bxf6 Bxf6 6. g3 Bb7 7. Bg2 O-O 8. O-O d5 9. Nc3 Nd7 10. a4 dxc4
11. Rb1 Qe7 12. e4 g6 13. Nb5 c6 14. Nc3 Rfd8 15. b4 cxb3 16. Qxb3 e5 17. d5 Nc5 18. Qc2 cxd5 19. exd5 Rac8 20. Qa2 e4
21. Nh4 Bxh4 22. gxh4 Qxh4 23. a5 Ba6 24. Rfd1 Bd3 25. Rb5 Bxb5 26. Nxb5 Rd7 27. axb6 axb6 28. d6 Qg4 29. Rd4 Re8 30. Qc2 Qf5
31. Nc7 Rc8 32. Qb2 Qe5 33. Bh3 f5 34. Qa2+ Kg7 35. Rd5 Qc3 36. Qa7 Qxh3 37. Qxb6 Nd3 38. Ne6+ Kf6 39. Nc5 Qg4+ 40. Kf1 Qd1+
41. Kg2 Nf4+ 42. Kg3 Qxd5 43. Qb2+ Kf7 44. Nxd7 Qxd6 45. Qb3+ Ne6+
0-1

[Event "GFBI"]
[Site "SchemingMind.com"]
[Date "2022.06.04"]
[Round "-"]
[White "WarriorAngel"]
[Black "Kenny Elliott"]
[Result "1-0"]
[WhiteCountry "SGP"]
[BlackCountry "USA"]
[WhiteElo "1941"]
[WhiteRD "94"]
[BlackElo "1523"]
[BlackRD "70"]
[GameID "723999"]

1. d4 d5 2. c4 e6 3. Nc3 Bb4 4. a3 Bxc3+ 5. bxc3 Nf6 6. Bg5 O-O 7. e3 Nbd7 8. Nf3 Qe8 9. Bd3 dxc4 10. Bxc4 Ne4
11. Qc2 Nxg5 12. Nxg5 f5 13. Nxe6 Kh8 14. Nxf8 Qxf8 15. O-O b6 16. Be6 Qf6 17. Bxf5 c5 18. Bxh7 Bb7 19. Be4 Bxe4 20. Qxe4 Rf8
21. Qg4 cxd4 22. cxd4 Qf7 23. Rac1 Nf6 24. Qg3 Ne4 25. Qh4+ Kg8 26. Qxe4
1-0

[Event "GFBI"]
[Site "SchemingMind.com"]
[Date "2022.06.03"]
[Round "-"]
[White "Derek Price"]
[Black "The Stonewall"]
[Result "0-1"]
[WhiteCountry "ENG"]
[BlackCountry "ENG"]
[WhiteElo "2358"]
[WhiteRD "61"]
[BlackElo "2306"]
[BlackRD "72"]
[GameID "724000"]

1. c4 Nf6 2. g3 g6 3. Bg2 Bg7 4. Nc3 O-O 5. d4 d6 6. Nf3 c5 7. O-O Nc6 8. dxc5 dxc5 9. Be3 Be6 10. Qa4 Nd4
11. Rfd1 Bd7 12. Qa3 Nc2 13. Qb3 Nxa1 14. Rxa1 Bc6 15. Bxc5 Ne4 16. Nxe4 Bxe4 17. Rc1 Qd7 18. Be3 Rfd8 19. a4 Qf5 20. Nh4 Qe5
21. Bxe4 Qxe4 22. Nf3 b6 23. Qa3 Rac8 24. b3 a5 25. Qa2 Qc6 26. Qc2 Rd7 27. h4 e5 28. h5 f5 29. hxg6 hxg6 30. Qb1 Qd6
31. Ng5 Qf6 32. Rd1 Rcd8 33. Rxd7 Rxd7 34. Nh3 Bf8 35. Kg2 Bc5 36. Bxc5 Qc6+ 37. f3 Qxc5 38. Qc1 Kg7 39. Ng5 Qe7 40. Qe3 Qd6
41. g4 Kg8 42. gxf5 gxf5 43. f4 Re7 44. Qf3 exf4 45. Qh5 Qc6+ 46. Kf2 Rg7 47. Nf3 Qg6 48. Qxg6 Rxg6 49. Ne5 Rg3 50. Nd3 Kf7
51. Ke1 Ke7 52. Kf2 Kd6 53. Ke1 Rxd3 54. exd3 Kc5 55. Ke2 Kd4
0-1

[Event "GFBI"]
[Site "SchemingMind.com"]
[Date "2022.06.08"]
[Round "-"]
[White "The Stonewall"]
[Black "Derek Price"]
[Result "1-0"]
[WhiteCountry "ENG"]
[BlackCountry "ENG"]
[WhiteElo "2311"]
[WhiteRD "70"]
[BlackElo "2362"]
[BlackRD "68"]
[GameID "724001"]

1. e4 c5 2. Nc3 Nc6 3. Bb5 Nd4 4. Nf3 Nxb5 5. Nxb5 a6 6. Nc3 e6 7. d4 cxd4 8. Qxd4 Qc7 9. O-O b5 10. Rd1 Qa7
11. Qe5 Ne7 12. Be3 Ng6 13. Qh5 Qc7 14. a3 Bb7 15. Bd4 Nf4 16. Qg4 h5 17. Qg3 h4 18. Qg4 Ng6 19. h3 Qf4 20. Qxf4 Nxf4
21. Be5 Ng6 22. Bd6 Bxd6 23. Rxd6 Bc6 24. Rad1 Ke7 25. Kh2 a5 26. R6d4 Rhb8 27. R1d2 f6 28. b3 Ra7 29. b4 axb4 30. axb4 Ra1
31. Rd1 Rba8 32. R4d2 Rxd1 33. Rxd1 e5 34. Nd2 Nf4 35. Nb3 Rc8 36. Nc5 Ne6 37. Nb3 Ba8 38. Nd5+ Bxd5 39. exd5 Ng5 40. d6+ Ke8
41. Nc5 Ne6 42. Nxe6 dxe6 43. d7+
1-0

[Event "GFBI"]
[Site "SchemingMind.com"]
[Date "2022.06.03"]
[Round "-"]
[White "Derek Price"]
[Black "Phillip Beckett"]
[Result "1-0"]
[WhiteCountry "ENG"]
[BlackCountry "ENG"]
[WhiteElo "2352"]
[WhiteRD "69"]
[BlackElo "1500"]
[BlackRD "55"]
[GameID "724002"]

1. c4 e5 2. Nc3 Nf6 3. g3 d5 4. cxd5 Nxd5 5. Bg2 Be6 6. Nf3 Nc6 7. O-O Qd7 8. Ng5 f6 9. Nxe6 Qxe6 10. Bxd5 Qd7
11. Bg2 O-O-O 12. Rb1 Nd4 13. e3 Nf5 14. Qf3 c6 15. b4 Nd6 16. Qe2 a6 17. a4 Qe6 18. b5 axb5 19. axb5 Nxb5 20. Nxb5 cxb5
21. Qxb5 Rd7 22. Bxb7+ Kd8 23. Ra1 Ke7 24. Bc8 Qd6 25. Ba3
1-0

[Event "GFBI"]
[Site "SchemingMind.com"]
[Date "2022.06.03"]
[Round "-"]
[White "Phillip Beckett"]
[Black "Derek Price"]
[Result "0-1"]
[WhiteCountry "ENG"]
[BlackCountry "ENG"]
[WhiteElo "1500"]
[WhiteRD "55"]
[BlackElo "2352"]
[BlackRD "69"]
[GameID "724003"]

1. d4 d5 2. e3 c6 3. Bd3 Nf6 4. Nd2 Bg4 5. Ngf3 Nbd7 6. O-O e5 7. dxe5 Nxe5 8. Be2 Nxf3+ 9. Bxf3 Bxf3 10. Nxf3 Be7
11. Bd2 Ne4 12. Qe2 O-O 13. Bc3 Nxc3 14. bxc3 Bf6 15. Nd4 c5 16. Nb5 a6 17. Na3 b5 18. Rad1 Qa5 19. Nb1 Qxa2 20. e4 Rfe8
21. f3 dxe4 22. fxe4 Qe6 23. Na3 Qxe4 24. Qxe4 Rxe4 25. Rfe1 Rxe1+ 26. Rxe1 Bxc3 27. Rd1 Bb2 28. Nb1 a5 29. c3 a4 30. Rd2 a3
31. Nxa3 Bxa3
0-1

[Event "GFBI"]
[Site "SchemingMind.com"]
[Date "2022.06.04"]
[Round "-"]
[White "Derek Price"]
[Black "Transcendent"]
[Result "1/2-1/2"]
[WhiteCountry "ENG"]
[BlackCountry "ENG"]
[WhiteElo "2377"]
[WhiteRD "72"]
[BlackElo "2129"]
[BlackRD "74"]
[GameID "724004"]

1. c4 e5 2. Nc3 Bb4 3. Nd5 Bc5 4. Nf3 c6 5. Nc3 d6 6. e3 Qe7 7. d4 exd4 8. Nxd4 Nf6 9. Be2 O-O 10. a3 a5
11. O-O Re8 12. b3 Nbd7 13. Bb2 Nf8 14. Bd3 Ng6 15. Nf5 Bxf5 16. Bxf5 Rad8= 17. Qc2 Ne5 18. Ne4 Nxe4=
1/2-1/2

[Event "GFBI"]
[Site "SchemingMind.com"]
[Date "2022.06.05"]
[Round "-"]
[White "Transcendent"]
[Black "Derek Price"]
[Result "1/2-1/2"]
[WhiteCountry "ENG"]
[BlackCountry "ENG"]
[WhiteElo "2178"]
[WhiteRD "68"]
[BlackElo "2375"]
[BlackRD "69"]
[GameID "724005"]

1. d4 d5 2. c4 c6 3. Nf3 Nf6 4. e3 e6 5. Nc3 Nbd7 6. Qc2 Bd6 7. Bd3 O-O 8. O-O dxc4 9. Bxc4 b5 10. Bd3 Bb7
11. e4 e5 12. Rd1 Qc7 13. h3 a6 14. Be3 Rfd8 15. Rac1 Rac8 16. dxe5 Nxe5 17. Nxe5 Bxe5 18. Ne2 c5 19. b3 Bd6 20. f3 Qe7
21. Bf2 Nd7 22. Ng3 g6 23. Nf1 Ne5 24. Be2 c4 25. bxc4 Nxc4 26. Bxc4 Rxc4 27. Qb2 Rxc1 28. Qxc1=
1/2-1/2

[Event "GFBI"]
[Site "SchemingMind.com"]
[Date "2022.06.03"]
[Round "-"]
[White "Derek Price"]
[Black "JAHI"]
[Result "0-1"]
[WhiteCountry "ENG"]
[BlackCountry "INT"]
[WhiteElo "2352"]
[WhiteRD "69"]
[BlackElo "2127"]
[BlackRD "66"]
[GameID "724006"]

1. c4 e6 2. g3 h6 3. Bg2 h5 4. Nf3 g6 5. O-O h4 6. Nxh4 Rxh4 7. gxh4 Qxh4 8. d4 Nc6 9. e3 d6 10. Qf3 Nge7
11. Bd2 Bg7 12. Qh3 Qxh3 13. Nc3 Qh4 14. f4 Kf8
0-1

[Event "GFBI"]
[Site "SchemingMind.com"]
[Date "2022.06.03"]
[Round "-"]
[White "JAHI"]
[Black "Derek Price"]
[Result "0-1"]
[WhiteCountry "INT"]
[BlackCountry "ENG"]
[WhiteElo "2147"]
[WhiteRD "70"]
[BlackElo "2377"]
[BlackRD "72"]
[GameID "724007"]

1. b3 e5 2. Bb2 Nc6 3. g3 d5 4. Bg2 Nf6 5. Kf1 Bc5 6. e3 d4 7. Na3 O-O 8. Ne2 Re8 9. h3 Be6 10. exd4 Nxd4
11. d3 Bd5 12. Nxd4 exd4 13. Nc4 Qd7 14. Nd2 Re7 15. Bxd5 Nxd5 16. Kg2 Rae8 17. Ne4 Bb6 18. g4 Qc6 19. Kh2 Nf6 20. f3 Nd5
21. Bc1 Ba5 22. Bd2 Bxd2 23. Qxd2 Re5 24. Rag1 Ne3 25. c3 Qb6 26. c4 Qe6 27. Qf2 f5 28. gxf5 Rxf5 29. Rg3 Ref8 30. Rhg1 g6
31. a3 b6 32. b4 Qe5 33. Kh1 Rh5 34. Qh2 Qf4 35. b5 Kh8 36. Qd2 Qh6 37. Kh2 Rf4 38. Qb2 Nf5 39. Qe2 Nxg3 40. Rxg3 Rf8
41. Kg2 Rhf5 42. a4 Qe3 43. Qxe3 dxe3 44. Nc3 Re8 45. Ne2 Rd8 46. d4 g5 47. d5 Re8 48. Rg4 Re7 49. Rd4 Ref7 50. f4 gxf4
51. Kf3 Kg7 52. Re4 R5f6 53. Nd4 Kg8 54. Ne6 Re7 55. Re5 Kf7 56. Ng5+ Kf8 57. Ne6+ Rexe6 58. dxe6 Ke7 59. Rg5 Rxe6 60. Rg1 Kd6
61. Kxf4 e2 62. Re1 Kc5 63. Kf3 Kxc4 64. Kf4 Kd3 65. Kg5 Kd2 66. Ra1 e1=Q 67. Rxe1 Kxe1 68. Kf5 Re3 69. h4 Ra3 70. Ke6 Rxa4
71. h5 Rb4 72. h6 Rxb5 73. Kf6 a5 74. Ke7 a4 75. Kd7 Rc5 76. Ke7 a3 77. Kf6 a2 78. Ke6 a1=Q 79. Kd7 Qf6 80. Ke8 Qe6+
81. Kd8 Rd5+ 82. Kxc7 Rd7+ 83. Kc8 Qe8#
0-1

[Event "GFBI"]
[Site "SchemingMind.com"]
[Date "2022.06.03"]
[Round "-"]
[White "Derek Price"]
[Black "Allan Sedstrem"]
[Result "1-0"]
[WhiteCountry "ENG"]
[BlackCountry "SCO"]
[WhiteElo "2352"]
[WhiteRD "69"]
[BlackElo "1437"]
[BlackRD "64"]
[GameID "724008"]

1. c4 c5 2. Nf3 Nc6 3. Nc3 e6 4. g3 b6 5. Bg2 Bb7 6. O-O Nf6 7. e4 Bd6 8. d4 Ba6 9. e5 Bc7 10. exf6 Qxf6
11. d5 Bxc4 12. dxc6 Bxf1 13. cxd7+ Kd8 14. Bxf1 a5 15. Bg5
1-0

[Event "GFBI"]
[Site "SchemingMind.com"]
[Date "2022.06.04"]
[Round "-"]
[White "Allan Sedstrem"]
[Black "Derek Price"]
[Result "0-1"]
[WhiteCountry "SCO"]
[BlackCountry "ENG"]
[WhiteElo "1437"]
[WhiteRD "64"]
[BlackElo "2352"]
[BlackRD "69"]
[GameID "724009"]

1. e4 c5 2. Nf3 d6 3. d4 cxd4 4. Nxd4 Nf6 5. Nc3 a6 6. Bd3 e5 7. Nf3 Be7 8. O-O O-O 9. Be3 b5 10. Bg5 Nbd7
11. Qd2 h6 12. Bxh6 gxh6 13. Qxh6 Nh7 14. Nd2 Bg5 15. Qh5 Bxd2 16. Nd5 Qg5 17. Qe2 Kh8 18. Rad1 Ba5 19. c3 Rg8 20. f4 exf4
21. Rxf4 Ne5 22. Rdf1 Nxd3 23. Qxd3 Qxg2#
0-1

[Event "GFBI"]
[Site "SchemingMind.com"]
[Date "2022.06.03"]
[Round "-"]
[White "Derek Price"]
[Black "Sadalmelik"]
[Result "1-0"]
[WhiteCountry "ENG"]
[BlackCountry "ITA"]
[WhiteElo "2383"]
[WhiteRD "72"]
[BlackElo "1538"]
[BlackRD "120"]
[GameID "724010"]

1. c4 e5 2. Nc3 Nf6 3. Nf3 Nc6 4. g3 Be7 5. Bg2 O-O 6. O-O d6 7. d3 h6 8. Rb1 Be6 9. b4 a6 10. a4 Rb8
11. b5 axb5 12. axb5 Na5 13. Bd2 b6 14. h3 c5 15. e4 Nh5 16. Nh2 f5 17. Qxh5 f4 18. Nd5 Bf7 19. Qg4 Bg5 20. h4 fxg3
21. hxg5 gxh2+ 22. Kh1 h5 23. Qh3 g6 24. Nf6+ Kg7 25. f4 Qe7 26. Bc3 Nb7 27. Qg3 Nd8 28. fxe5 dxe5 29. Bxe5 Qxe5 30. Qxe5 Ne6
31. Nxh5+ Kg8 32. Nf6+ Kh8 33. Qxh2+ Kg7 34. Qh6#
1-0